[Event "Oberliga Bayern 1819"]
[Site "Bayern"]
[Date "2018.12.16"]
[Round "4.8"]
[White "Gruber, Roland"]
[Black "Grabmeier, Johannes"]
[Result "1/2-1/2"]
[WhiteElo "2131"]
[BlackElo "1905"]
[PlyCount "41"]
[EventDate "2018.10.21"]
[EventType "team-tourn"]
[EventRounds "9"]
[EventCountry "GER"]
[SourceTitle "EXT 2020"]
[Source "ChessBase"]
[SourceDate "2019.10.17"]
[SourceVersion "1"]
[SourceVersionDate "2019.10.17"]
[SourceQuality "1"]
[WhiteTeam "Regensburg Post/Sued"]
[BlackTeam "Deggendorf"]
[WhiteTeamCountry "GER"]
[BlackTeamCountry "GER"]

1. Nf3 b6 2. d4 e6 3. e3 Bb7 4. Bd3 f5 5. Nbd2 Nf6 6. Qe2 Be7 7. c3 0-0 8. h3 Ne4 9. Rg1 d6 10. Bc4 d5 11. Bd3 Nd7 12. Nf1 Kh8 13. N3d2 c5 14. Nf3 Bd6 15. g3 Qf6 16. Bb5 Rad8 17. a4 a5 18. N3d2 e5 19. Bxd7 Rxd7 20. dxe5 Bxe5 21. f4 1/2-1/2

[Event "Arber op 6th"]
[Site "Bodenmais"]
[Date "2017.08.03"]
[Round "6"]
[White "Grabmeier, Johannes"]
[Black "Frank, Benjamin"]
[Result "1/2-1/2"]
[WhiteElo "1955"]
[BlackElo "2125"]
[PlyCount "58"]
[EventDate "2017.07.29"]
[EventType "swiss"]
[EventRounds "9"]
[EventCountry "GER"]
[SourceTitle "CBM 179 Extra"]
[Source "ChessBase"]
[SourceDate "2017.08.23"]
[SourceVersion "1"]
[SourceVersionDate "2017.08.23"]
[SourceQuality "1"]

1. b3 Nf6 2. Bb2 g6 3. Bxf6 exf6 4. c4 f5 5. Nc3 Bg7 6. Rc1 0-0 7. g3 d6 8. Bg2 Nd7 9. e3 Nf6 10. Nge2 Rb8 11. 0-0 Re8 12. b4 Be6 13. d3 a6 14. a4 b6 15. Nd4 Bd7 16. Bc6 Ng4 17. b5 axb5 18. axb5 Bxd4 19. exd4 Bxc6 20. bxc6 Ra8 21. Ra1 Nf6 22. d5 h5 23. Re1 h4 24. Nb5 Rxa1 25. Rxe8+ Nxe8 26. Qxa1 hxg3 27. hxg3 f4 28. gxf4 Qh4 29. Qa8 Qg4+ 1/2-1/2

[Event "Arber op 6th"]
[Site "Bodenmais"]
[Date "2017.08.02"]
[Round "5"]
[White "Roesch, David"]
[Black "Grabmeier, Johannes"]
[Result "0-1"]
[WhiteElo "1806"]
[BlackElo "1955"]
[PlyCount "52"]
[EventDate "2017.07.29"]
[EventType "swiss"]
[EventRounds "9"]
[EventCountry "GER"]
[SourceTitle "CBM 179 Extra"]
[Source "ChessBase"]
[SourceDate "2017.08.23"]
[SourceVersion "1"]
[SourceVersionDate "2017.08.23"]
[SourceQuality "1"]

1. e4 b6 2. d4 Bb7 3. Nc3 e6 4. Nf3 Bb4 5. Bd3 Nf6 6. Qe2 d5 7. Bg5 h6 8. Bxf6 Qxf6 9. 0-0 Bxc3 10. bxc3 0-0 11. Ne5 Qe7 12. f4 Nd7 13. Ng4 dxe4 14. Bc4 f5 15. Ne3 Kh7 16. g4 g6 17. Rf2 Nf6 18. g5 hxg5 19. fxg5 Nh5 20. h4 Qd6 21. Qf1 Qg3+ 22. Ng2 e3 23. Re2 f4 24. Qe1 Qg4 25. Kh2 f3 26. Nxe3 Qf4+ 0-1

[Event "Pyramiden Franken Cup"]
[Site "Fuerth"]
[Date "2015.09.06"]
[Round "7"]
[White "Grabmeier, Johannes"]
[Black "Seitner, Ralf"]
[Result "1/2-1/2"]
[WhiteElo "1929"]
[BlackElo "2080"]
[PlyCount "74"]
[EventDate "2015.09.03"]
[EventType "swiss"]
[EventRounds "7"]
[EventCountry "GER"]
[SourceTitle "EXT 2016"]
[Source "ChessBase"]
[SourceDate "2015.10.08"]
[SourceVersion "1"]
[SourceVersionDate "2015.10.08"]
[SourceQuality "1"]

1. b3 e5 2. Bb2 d6 3. e3 Nf6 4. c4 g6 5. Nc3 Bg7 6. Nge2 0-0 7. g3 Nc6 8. Bg2 Bf5 9. d3 Qc8 10. a3 Bh3 11. 0-0 h5 12. Kh1 h4 13. Ng1 Bxg2+ 14. Kxg2 hxg3 15. hxg3 Ng4 16. Nd5 f5 17. b4 Qd7 18. f3 Nf6 19. Nxf6+ Bxf6 20. b5 Nd8 21. e4 Ne6 22. Ne2 Kg7 23. Rh1 Rh8 24. Qd2 fxe4 25. dxe4 Ng5 26. Qd3 Ne6 27. Raf1 Nc5 28. Qe3 Qe6 29. Qc3 Rxh1 30. Rxh1 Rh8 31. Rxh8 Kxh8 32. Bc1 Kg7 33. Ng1 Qg8 34. Nh3 Kf7 35. Qd2 Ke7 36. Qd5 Qxd5 37. cxd5 Na4 1/2-1/2

[Event "Arber op 4th"]
[Site "Bayerisch Eisenstein"]
[Date "2015.08.06"]
[Round "6"]
[White "Jin, Yueheng"]
[Black "Grabmeier, Johannes"]
[Result "0-1"]
[WhiteElo "1600"]
[BlackElo "1949"]
[PlyCount "104"]
[EventDate "2015.08.01"]
[EventType "swiss"]
[EventRounds "9"]
[EventCountry "GER"]
[SourceTitle "EXT 2016"]
[Source "ChessBase"]
[SourceDate "2015.10.08"]
[SourceVersion "1"]
[SourceVersionDate "2015.10.08"]
[SourceQuality "1"]

1. d4 c5 2. d5 f5 3. c4 Nf6 4. Nc3 g6 5. Nf3 d6 6. b3 Bg7 7. Bb2 0-0 8. e3 Na6 9. Be2 Nc7 10. 0-0 a6 11. h3 Rb8 12. a4 Bd7 13. Rb1 b5 14. axb5 axb5 15. Qc2 Qc8 16. Kh2 Qb7 17. Bd3 Na6 18. Qe2 Nb4 19. Nxb5 Bxb5 20. cxb5 Nxd3 21. Qxd3 Qxb5 22. Qxb5 Rxb5 23. Bxf6 Bxf6 24. Nd2 Rfb8 25. Rfc1 Kf7 26. Kg1 e6 27. dxe6+ Kxe6 28. Kf1 d5 29. Ke2 Kd6 30. Kd3 Rb4 31. Ke2 g5 32. Kd3 Be5 33. Ke2 h5 34. Kd3 h4 35. Kc2 Ra8 36. Kd3 Ra3 37. Ke2 Kc6 38. Kd3 Ra7 39. Kc2 Kd6 40. Kd1 Ra3 41. Rc2 f4 42. exf4 Bxf4 43. Ke2 Bxd2 44. Rxd2 Raxb3 45. Rxb3 Rxb3 46. Kd1 d4 47. Rc2 Kd5 48. Kd2 c4 49. Rc1 c3+ 50. Kd3 Rb2 51. Rd1 Rxf2 52. g4 hxg3 0-1

[Event "Landesliga Sued 1415"]
[Site "Bayern"]
[Date "2015.04.12"]
[Round "9.7"]
[White "Grabmeier, Johannes"]
[Black "Goetz, Andreas2222"]
[Result "0-1"]
[WhiteElo "1873"]
[BlackElo "1945"]
[PlyCount "88"]
[EventDate "2014.10.19"]
[EventType "team-tourn"]
[EventRounds "9"]
[EventCountry "GER"]
[SourceTitle "EXT 2018"]
[Source "ChessBase"]
[SourceDate "2017.10.13"]
[SourceVersion "1"]
[SourceVersionDate "2017.10.13"]
[SourceQuality "1"]
[WhiteTeam "Deggendorf"]
[BlackTeam "Ingolstadt"]
[WhiteTeamCountry "GER"]
[BlackTeamCountry "GER"]

1. b3 e5 2. Bb2 Nc6 3. e3 g6 4. Bb5 Nge7 5. f4 Bg7 6. Nf3 f6 7. fxe5 Nxe5 8. Nxe5 fxe5 9. 0-0 Rf8 10. Rxf8+ Kxf8 11. Qf3+ Kg8 12. e4 c6 13. Be2 d5 14. d3 Be6 15. Qg3 Qb6+ 16. Kh1 Rf8 17. Nc3 d4 18. Na4 Qa5 19. Qe1 Qxe1+ 20. Rxe1 Bh6 21. Ba3 Rf7 22. Bd6 Bg7 23. Bb8 a6 24. Nb6 Kf8 25. Nc4 Bxc4 26. bxc4 b5 27. Bg4 Rf2 28. Be6 Bf6 29. cxb5 cxb5 30. Bb3 Nc6 31. Kg1 Rd2 32. Bd6+ Be7 33. Bc7 a5 34. a4 b4 35. Rc1 Ke8 36. Bd5 Kd7 37. Bxc6+ Kxc7 38. Bd5 Bg5 39. Rf1 Be3+ 40. Kh1 Rxc2 41. Rf7+ Kd6 42. Rf1 Rc3 43. Bc4 b3 44. g4 b2 0-1

[Event "Niederbayernliga 1415"]
[Site "Bayern"]
[Date "2015.02.22"]
[Round "7.3"]
[White "Woitylak, Steffen"]
[Black "Grabmeier, Johannes"]
[Result "1/2-1/2"]
[WhiteElo "1939"]
[BlackElo "1884"]
[PlyCount "28"]
[EventDate "2014.10.19"]
[EventType "team-tourn"]
[EventRounds "9"]
[EventCountry "GER"]
[SourceTitle "EXT 2023"]
[Source "ChessBase"]
[SourceDate "2022.10.05"]
[SourceVersion "1"]
[SourceVersionDate "2022.10.05"]
[SourceQuality "1"]
[WhiteTeam "Geiselhoering"]
[BlackTeam "Deggendorf II"]
[WhiteTeamCountry "GER"]
[BlackTeamCountry "GER"]

1. Nf3 b6 2. e4 Bb7 3. Nc3 e6 4. d4 Bb4 5. Bd3 Nf6 6. e5 Ne4 7. Bxe4 Bxc3+ 8. bxc3 Bxe4 9. 0-0 0-0 10. Re1 Bg6 11. Bg5 Qc8 12. Nh4 d5 13. exd6 cxd6 14. Nxg6 hxg6 1/2-1/2

[Event "Arber op 3rd"]
[Site "Bayerisch Eisenstein"]
[Date "2014.08.23"]
[Round "8"]
[White "Grabmeier, Johannes"]
[Black "Kottmair, Toni"]
[Result "0-1"]
[WhiteElo "1914"]
[BlackElo "2259"]
[PlyCount "56"]
[EventDate "2014.08.16"]
[EventType "swiss"]
[EventRounds "9"]
[EventCountry "GER"]
[SourceTitle "CBM 161 Extra"]
[Source "ChessBase"]
[SourceDate "2014.08.29"]
[SourceVersion "1"]
[SourceVersionDate "2014.08.29"]
[SourceQuality "1"]

1. b3 e5 2. Bb2 Nc6 3. e3 Nf6 4. Bb5 Bd6 5. Na3 a6 6. Be2 Be7 7. d3 0-0 8. c4 Bb4+ 9. Kf1 Re8 10. Nc2 Bf8 11. g4 h6 12. h4 Nh7 13. f4 exf4 14. exf4 d5 15. cxd5 Qxd5 16. Bf3 Qd6 17. Nh3 h5 18. Ba3 Qd8 19. Bxf8 Nxf8 20. g5 Bf5 21. Kf2 Qd7 22. Kg3 Nd4 23. Nxd4 Qxd4 24. Nf2 Re3 25. Re1 Rae8 26. Rxe3 Rxe3 27. Rc1 b5 28. Ne4 Rxd3 0-1

[Event "Regionalliga SO 1314"]
[Site "Bayern"]
[Date "2014.02.23"]
[Round "7.8"]
[White "Grabmeier, Johannes"]
[Black "Westenthanner, Paul"]
[Result "0-1"]
[WhiteElo "1856"]
[BlackElo "1951"]
[PlyCount "84"]
[EventDate "2013.10.13"]
[EventType "team-tourn"]
[EventRounds "9"]
[EventCountry "GER"]
[SourceTitle "EXT 2015"]
[Source "ChessBase"]
[SourceDate "2014.11.20"]
[SourceVersion "1"]
[SourceVersionDate "2014.11.20"]
[SourceQuality "1"]
[WhiteTeam "Deggendorf"]
[BlackTeam "Landshut"]
[WhiteTeamCountry "GER"]
[BlackTeamCountry "GER"]

1. f4 b6 2. Nf3 Nf6 3. g3 Bb7 4. Bg2 e6 5. 0-0 Bc5+ 6. e3 d5 7. d4 Be7 8. b3 Ne4 9. Nfd2 Nd7 10. Nxe4 dxe4 11. Bb2 h5 12. f5 exf5 13. Rxf5 g6 14. Rf2 f5 15. Qe2 Nf6 16. c4 h4 17. d5 hxg3 18. hxg3 Rh7 19. Nd2 Bd6 20. Nxe4 Nxe4 21. Bxe4 Bxg3 22. Bg2 Bxf2+ 23. Qxf2 Qd6 24. e4 fxe4 25. Re1 0-0-0 26. Rxe4 Rf8 27. Be5 Rxf2 28. Bxd6 Rxg2+ 29. Kxg2 cxd6 30. Re8+ Kc7 31. Rg8 b5 32. Rxg6 Ba6 33. c5 Bb7 34. c6 Bc8 35. Rg5 Rf7 36. b4 Bf5 37. Kg3 Be4 38. Rh5 Rf3+ 39. Kg4 Rd3 40. Rg5 Bxd5 41. Rg7+ Kxc6 42. Rxa7 Rd4+ 0-1

[Event "Arber op 1st"]
[Site "Bayerisch Eisenstein"]
[Date "2012.08.26"]
[Round "9"]
[White "Grabmeier, Johannes"]
[Black "Hilarius, Sander"]
[Result "1-0"]
[WhiteElo "1893"]
[BlackElo "1769"]
[PlyCount "83"]
[EventDate "2012.08.18"]
[EventType "swiss"]
[EventRounds "9"]
[EventCountry "GER"]
[SourceTitle "CBM 150 Extra"]
[Source "ChessBase"]
[SourceDate "2012.10.19"]
[SourceVersion "1"]
[SourceVersionDate "2012.10.19"]
[SourceQuality "1"]

1. b3 d5 2. e3 Nf6 3. Bb2 c5 4. Bb5+ Bd7 5. Qe2 g6 6. Nf3 Bg7 7. Nc3 0-0 8. 0-0 Qc7 9. Bxd7 Nbxd7 10. Nb5 Qb8 11. d4 a6 12. Na3 cxd4 13. Nxd4 e5 14. Nf3 Ng4 15. g3 b5 16. Rac1 h5 17. h3 Nh6 18. e4 b4 19. Nb1 d4 20. Nbd2 Qd6 21. Nc4 Qe6 22. Kg2 Kh8 23. Ng5 Qe7 24. f4 f6 25. Nf3 Nf7 26. Nh4 Kh7 27. f5 g5 28. Qxh5+ Nh6 29. Ng6 Qc5 30. Nxf8+ Qxf8 31. Rce1 Nc5 32. Rf3 Ra7 33. Bc1 Kg8 34. g4 Nf7 35. h4 gxh4 36. Rh3 Nxe4 37. Rxe4 Qa8 38. Kf3 Rc7 39. Rxh4 Rxc4 40. Qh7+ Kf8 41. bxc4 Nd6 42. Qh8+ 1-0